Statistiques concernant Capitales dans un anneau de la carte du monde

Cliquez ici pour prendre le quiz!

Statistiques générales

  • Ce quiz a été pris 4 359 fois
  • Le résultat moyen est 18 sur 25

Réponses sur la Carte

Les réponses sont colorées sur une échelle allant du rouge au vert en fonction du pourcentage des utilisateurs qui les ont devinées à leur premier essai. Vous pouvez retrouver ces pourcentages ci-dessous.
Chargement ...
 

Statistiques - réponses

PaysCapitale% Correct
Etats-UnisWashington
97%
ChinePékin
96%
Corée du SudSéoul
94%
AustralieCanberra
93%
PérouLima
86%
CubaLa Havane
85%
Corée du NordPyongyang
85%
IndonésieJakarta
83%
Nouvelle-ZélandeWellington
83%
ColombieBogotá
82%
PanamaPanama
80%
VenezuelaCaracas
76%
PhilippinesManille
76%
ÉquateurQuito
76%
Viêt NamHanoï
73%
TaïwanTaipei
73%
SingapourSingapour
69%
JamaïqueKingston
65%
CambodgePhnom Penh
61%
HaïtiPort-au-Prince
59%
LaosVientiane
57%
BahamasNassau
54%
République dominicaineSaint-Domingue
50%
Timor orientalDili
43%
BruneiBandar Seri
Begawan
39%

Distribution des résultats

Percentile par nombre de réponses

% des personnes avec chaque résultat

Votre développement - résultats

Vous n’avez pas pris ce quiz